Dánska cesta k revitalizaci českého průmyslu
Český výrobný sektor sa v súčasnosti nachádza na zásadnej križovatke, kde rastúce náklady na pracovnú silu a chronický nedostatok personálu núti výrobcov k radikálnej transformácii ich operácií. V celoštátnom meradle chýba cez štvrť milióna kvalifikovaných pracovníkov a pätina zamestnávateľov čelí v...
Guardado en:
| Autor principal: | |
|---|---|
| Formato: | Capítulo de libro |
| Lenguaje: | checo |
| Materias: | |
| Etiquetas: |
Sin Etiquetas, Sea el primero en etiquetar este registro!
|
MARC
| LEADER | 00000naa a2200000 4500 | ||
|---|---|---|---|
| 001 | 0315526 | ||
| 005 | 20260323132221.0 | ||
| 041 | 0 | |a cze | |
| 044 | |a CZ | ||
| 245 | 1 | 0 | |a Dánska cesta k revitalizaci českého průmyslu |c Roman Dvořák |
| 520 | |a Český výrobný sektor sa v súčasnosti nachádza na zásadnej križovatke, kde rastúce náklady na pracovnú silu a chronický nedostatok personálu núti výrobcov k radikálnej transformácii ich operácií. V celoštátnom meradle chýba cez štvrť milióna kvalifikovaných pracovníkov a pätina zamestnávateľov čelí vážnym problémom pri obsadzovaní voľných miest, čo vytvára bezprecedentný tlak na urýchlenie automatizácie. | ||
| 610 | 2 | 0 | |a priemysel |
| 610 | 2 | 0 | |a miesta pracovné |
| 610 | 2 | 0 | |a sily pracovné |
| 610 | 2 | 0 | |a kvalifikácia |
| 610 | 2 | 0 | |a náklady mzdové |
| 610 | 2 | 0 | |a automatizácia |
| 610 | 2 | 0 | |a spolupráca medzinárodná |
| 610 | 2 | 0 | |a Česko |
| 610 | 2 | 0 | |a Dánsko |
| 100 | 1 | |a Dvořák, Roman | |